000 00624nam a22002057a 4500
005 20251108172747.0
008 250721s2002 xx 000 0 ara d
082 1 4 _a346.01/زعب
100 1 _aالزعبي، تيسير
_eمؤلف
245 1 0 _aقانون أصول المحاكمات الشرعية /
264 1 _aعمان :
_bالمؤلف،
_c2002.
300 _a80ص.
650 1 7 _aالقانون الخاص
650 1 7 _aالتشريعات الإجتماعية
650 1 7 _aقانون الأحوال الشخصية
650 1 7 _aالوقف
650 1 7 _aالوصاية
942 _2ddc
_cBK
999 _c87832
_d87832